Dallas vs. Houston - Statistics

General Stats
  • This quiz has been taken 34 times
  • The average score is 13 of 16
Answer Stats
Question Answer % Correct
Is nicknamed "Space City" Houston
100%
Where a President of the United States was assassinated Dallas
93%
Is part of the Metroplex Dallas
90%
Is home to the Mavericks NBA team Dallas
90%
Has a higher population by city proper Houston
90%
Former headquarters of the scandalous company Enron Houston
90%
Birthplace of people like Beyoncé and Dennis Quaid Houston
90%
Has the 55-foot tall "Big Tex" Dallas
83%
Mark Cuban owned one of this city's major sports teams Dallas
83%
Is closer to the Louisiana border Houston
83%
Located nearby is the Cotton Bowl Dallas
79%
Its major airport is named for George Bush Houston
79%
Has a larger and more famous rodeo Houston
79%
Southwest Airlines is based there Dallas
72%
The Trinity River flows through it Dallas
69%
Has the widest freeway in the United States Houston
62%
No matching quizzes found
Score Distribution
Percent of People with Each Score
Percentile by Number Answered
Your Score History
You have not taken this quiz